El libro de Isaías 40-66

Salvato in:
Dettagli Bibliografici
Autore principale: Marconcini, Benito (autor)
Natura: Libro
Lingua:spagnolo
Pubblicazione: Madrid Ciudad Nueva 1999
Serie:Colección Guía espiritual del antiguo testamento
Soggetti:
Tags: Aggiungi Tag
Nessun Tag, puoi essere il primo ad aggiungerne!!

MARC

LEADER 00000nam a2200000 a 4500
001 UCP7115
003 CL-VaPUC
008 991203e19990000SP |||||||||||||||||spa|d
082 0 4 |a 224.1  |b MAR  |2 21 
100 |a Marconcini, Benito  |e autor  |9 444447 
245 1 3 |a El libro de Isaías 40-66 
300 |a 229 p 
942 |c BK 
945 |d 19991203 00:00:00  |a rbrito 
260 |a Madrid  |b Ciudad Nueva  |c 1999 
600 0 |a Isaías   |9 432157 
650 0 |a Antiguo testamento   |9 313678 
650 7 |a ESCRITOS SAGRADOS  |2 CL-VaPUC  |9 436500 
583 |a last modification  |c 19991203 00:00:00  |k Rodrigo Vera 
490 0 |a Colección Guía espiritual del antiguo testamento 
999 |c 284435  |d 284433 
952 |0 0  |1 0  |4 0  |6 224_100000000000000_MAR_1999  |7 0  |8 A  |9 328463  |a BIBTEO  |b BIBTEO  |d 2019-11-20  |i 3570592  |o 224.1 MAR 1999  |p 3570592  |r 2025-01-17  |w 2019-11-20  |y BK  |k ICR 
952 |0 0  |1 0  |4 0  |6 224_100000000000000_MAR_1999  |7 0  |8 A  |9 328464  |a BIBTEO  |b BIBTEO  |d 2019-11-20  |i 367889K  |o 224.1 MAR 1999  |p 367889K  |r 2025-01-17  |w 2019-11-20  |y BK  |k ICR